• 首页
  • 本馆介绍
  • 公告通知
  • 最新文献
  • 馆藏检索
  • 电子资源
  • 读者导购
  • 参考咨询
  • 我的图书馆
  • 登录
  • 详细信息显示
  • 放入我的书架
  • 预约/预借图书
  • 作者相关作品
  • 分类相关作品
  • 丛书相关作品
  • 出版社相关作品

书目信息

  • 表格格式
  • 工作单格式
  • 卡片格式
题名:
旧制度与大革命
    
 
作者: 托克维尔 著 ;高牧 译
分册:  
出版信息: 沈阳   万卷出版公司  2021
页数: 309页, [1] 页图版
开本: 24cm
丛书名: 紫图书库
单 册:
中图分类: K565.41
科图分类:
主题词: 法国大革命--fa guo da ge ming--研究
电子资源:
ISBN: 978-7-5470-5480-2
000 01188nam 2200289 450
001 2156116346
005 20211113153207.49
010    @a978-7-5470-5480-2@dCNY59.90
100    @a20210219d2021 em y0chiy50 ea
101 1  @achi@cfre
102    @aCN@b210000
105    @aaf z 000yd
200 1  @a旧制度与大革命@Ajiu zhi du yu da ge ming@d= L'ancien regime et la revolution@f(法) 托克维尔著@g高牧译@zfre
210    @a沈阳@c万卷出版公司@d2021
215    @a309页, [1] 页图版@c图@d24cm
225 2  @a紫图书库@Azi tu shu ku@i历史@v012
300    @a插图升级版
308    @a主丛编编号: 6611
330    @a本书选配60余幅珍贵历史插图,帮助读者了解法国旧制度中引爆大革命的诸种弊病。带领大家重回两百多年前法国大革命酝酿并爆发的岁月,见证社会革命与政治转型的艰辛。书中收录托克维尔两篇重要背景文章,以使读者更深入地了解大革命爆发前的法国社会状况。
410  0 @12001 @a紫图书库@i历史@v012
500 10 @aAncien regime et la revolution@mChinese
606 0  @a法国大革命@Afa guo da ge ming@x研究
690    @aK565.41@v5
701  1 @a托克维尔@Atuo ke wei er@g(Tocqueville, Alexis de),@f1805-1859@4著
702  0 @a高牧@Agao mu@4译
801  0 @aCN@bBP@c20210219
905    @aZUCC@dK565.41@e3
    
    旧制度与大革命= L'ancien regime et la revolution/(法) 托克维尔著/高牧译.-沈阳:万卷出版公司,2021
    309页, [1] 页图版:图;24cm.-(紫图书库.历史;012)
    插图升级版
    
    ISBN 978-7-5470-5480-2:CNY59.90
    本书选配60余幅珍贵历史插图,帮助读者了解法国旧制度中引爆大革命的诸种弊病。带领大家重回两百多年前法国大革命酝酿并爆发的岁月,见证社会革命与政治转型的艰辛。书中收录托克维尔两篇重要背景文章,以使读者更深入地了解大革命爆发前的法国社会状况。
●
相关链接 在五车中查询图书 在当当中查询图书 在豆瓣中查询图书


正题名:旧制度与大革命     索取号:K565.41/3         预约/预借

序号 登录号 条形码 馆藏地/架位号 状态 备注
1 2000884117   2000884117   第三书库/ [索取号:K565.41/3] 在馆    
2 2000884118   2000884118   第三书库/ [索取号:K565.41/3] 在馆    
3 2000884119   2000884119   第三书库/ [索取号:K565.41/3] 在馆    
山东省滨州职业学院图书馆 欢迎您!
大连网信软件有限公司© 版权所有